K problematice evropské monetární unie.

Argumenty v prospech monetárnej únie ES, tak ako ich prezentuje Komisia Európskeho spoločenstva. Náčrt ekonomických princípov hospodárskej a monetárnej únie a hlavných nákladov a prínosov monetárnej únie. Časové a priestorové problémy monetárnej únie. Dopad európskej menovej únie na postsocialistick...

Description complète

Enregistré dans:
Détails bibliographiques
Auteur principal: Pavlík, P.
Format: Chapitre de livre
Langue:tchèque
Sujets:
Tags: Ajouter un tag
Pas de tags, Soyez le premier à ajouter un tag!

MARC

LEADER 00000naa a2200000 4500
001 r010496
005 20220831090746.2
041 0 |a cze 
044 |a [CS] 
245 1 0 |a K problematice evropské monetární unie.  |c P. Pavlík 
520 |a Argumenty v prospech monetárnej únie ES, tak ako ich prezentuje Komisia Európskeho spoločenstva. Náčrt ekonomických princípov hospodárskej a monetárnej únie a hlavných nákladov a prínosov monetárnej únie. Časové a priestorové problémy monetárnej únie. Dopad európskej menovej únie na postsocialistické štáty. 
610 2 0 |a Európska menová únia 
610 2 0 |a Európske spoločenstvá 
610 2 0 |a východná Európa 
610 2 0 |a únie menové 
610 2 0 |a Európa 
100 1 |a Pavlík, P.